01123nam a2200289 i 450000100060000000300090000600500170001500700030003200800410003502000180007608000150009408000140010924501590012325000120028226000370029430000300033149000530036165000390041465000500045365000310050370000420053470000350057683000610061185200220067299900170069495201220071189001ES-MaACL20250805062606.0t|050124s2004 sp |||| | spa d a84-7658-641-8 a316.334.56 a39.711.1303aLa ciudad es para ti b: nuevas y viejas tradiciones en ámbitos urbanos / cEncarnación Aguilar Criado ... [et al.] ; Carmen Ortiz García (editora). a1ª ed. aBarcelona : bAnthropos, c2004. a349 p. : bil. ; c24 cm.1 aCuadernos A. Temas de innovación social ; v1217aAntropología urbana2embne99899 7aAntropología cultural y social2embne99867 7aSociología2embne9171951 aAguilar Criado, Encarnación.9187191 aOrtiz García, Carmen.9876200 aCuadernos A. Temas de innovación social ; v129231864 aES-MaACLjL-28633 c89001d89001 00104070aATENEOMbATENEOMcDEPO2d2008-01-17eSCl0oL-28633p1092955r2023-02-23 00:00:00w2023-02-23yMONOGRAFIA